000 01128nam a2200241Ia 4500
003 Ost
005 20260507075533.0
008 260507s9999||||xx |||||||||||||| ||und||
020 _a×977553710
040 _cfsecg
041 _aara
082 _a659.2
100 _aإدريس، محمد العزازى أحمد
_eمؤلف
245 0 _aالعلاقات العامة المعاصرة و فعالية الإدارة /
_c محمد العزازى أحمد إدريس
260 _aالزقازيق:
_bالمكتبة العلمية,
_c2009
300 _a480 صفحة؛
_bإيضاحات ؛
_c24 سم
504 _aبيبليوغرافيا: ص ص.459-480
520 _aيضم أساسيات العلاقات العامة المعاصرة، عملية العلاقات العامة وفقا للمنهج تحليل النظم، العلاقات العامة والتحديات الإدارية الجديدة، العلاقات العامة وفعالية الإدارة المحلية
653 _aالإدارة
653 _aالعلاقات العامة
653 _aالنظم الإدارية
942 _cكتاب
999 _c44829
_d44829